Country Pairs that Export the Most Gold - Statistics

General Stats
  • This quiz has been taken 111 times
  • The average score is 13 of 22
Answer Stats
Country % Correct
United States
100%
China
97%
Russia
95%
Canada
93%
UnitedKingdom
92%
Australia
89%
Germany
84%
India
80%
South Africa
75%
Italy
72%
Turkey
68%
Switzerland
63%
United ArabEmirates
48%
Singapore
45%
Thailand
40%
Ghana
32%
Kazakhstan
28%
Mali
24%
Zimbabwe
24%
Uzbekistan
14%
Cambodia
13%
Burkina Faso
11%
No matching quizzes found
Score Distribution
Percent of People with Each Score
Percentile by Number Answered
Your Score History
You have not taken this quiz